GTZ Regional Forestry Seminar, Fiji, 3-14 October 1988 : proceedings

Bibliographic Details
Other Authors: Heuveldop
Format: Book
Published: Suva, Fiji : Ministry of Forests , 1989
Subjects:

MARC

LEADER 00000cam a2200000 7i4500
001 0000002846
005 20040121.0
020 0 0 |a 3880854009 
090 0 0 |a 634.9   |b GTZ 1989 
245 0 0 |a GTZ Regional Forestry Seminar, Fiji, 3-14 October 1988 :   |b proceedings   |c edited by J. Heuveldop ... (et al.) 
260 0 0 |a Suva, Fiji :   |b Ministry of Forests ,   |c 1989 
300 |a 393 p. ;   |c 30 cm. 
500 0 0 |a Includes bibliographical references 
650 0 0 |a Forests and forestry   |x Congresses 
700 0 1 |a Heuveldop   |h J. 
998 |a JPSM 
999 |a 0000004071   |b Monograph   |c Open Shelf   |e Default branch